Oort and the universe (Record no. 7725)

MARC details
000 -LEADER
fixed length control field 00823nam a2200229Ia 4500
003 - CONTROL NUMBER IDENTIFIER
control field IN-BaIIA
008 - FIXED-LENGTH DATA ELEMENTS--GENERAL INFORMATION
fixed length control field 211028s9999 xx 000 0 eng d
020 ## - INTERNATIONAL STANDARD BOOK NUMBER
International Standard Book Number 90-277-1209-3
040 ## - CATALOGING SOURCE
Transcribing agency IIA Library
080 ## - UNIVERSAL DECIMAL CLASSIFICATION NUMBER
Universal Decimal Classification number 92:52
Item number OOR
245 #0 - TITLE STATEMENT
Title Oort and the universe
Remainder of title a sketch of Oort's research and person
Statement of responsibility, etc. edited by Hugo Van Woerden, Willem N. Brouw and Henk C. Van De Hulst
260 ## - PUBLICATION, DISTRIBUTION, ETC.
Place of publication, distribution, etc. Dordrecht
Name of publisher, distributor, etc. D. Reidel Publishing
Date of publication, distribution, etc. 1980
300 ## - PHYSICAL DESCRIPTION
Extent viii, 210p.
500 ## - GENERAL NOTE
General note Donated by Mrs. Bappu
650 ## - SUBJECT ADDED ENTRY--TOPICAL TERM
Topical term or geographic name entry element Astronomy and Astrophysics Thesaurus
650 ## - SUBJECT ADDED ENTRY--TOPICAL TERM
Topical term or geographic name entry element Biography-Jan Hendrick Oort
650 ## - SUBJECT ADDED ENTRY--TOPICAL TERM
Topical term or geographic name entry element Jan Hendrick Oort Biography
700 ## - ADDED ENTRY--PERSONAL NAME
Personal name Brouw, Willem N., ed.
9 (RLIN) 13051
700 ## - ADDED ENTRY--PERSONAL NAME
Personal name Van De Hulst, Henk C., ed.
9 (RLIN) 13052
700 ## - ADDED ENTRY--PERSONAL NAME
Personal name Van Woerden, Hugo, ed.
9 (RLIN) 5345
942 ## - ADDED ENTRY ELEMENTS (KOHA)
Koha item type Books
Holdings
Withdrawn status Lost status Damaged status Not for loan Home library Current library Shelving location Date acquired Total Checkouts Full call number Barcode Date last seen Price effective from Koha item type
        IIA Library-Bangalore IIA Library-Bangalore General Stacks 26/07/1983   92:52/ OOR 8540 05/11/2021 26/07/1983 Books

Powered by Koha